Welcome to the Holygrace Academy Library

Please use search bar below to get started

THE COMPLETE WORKS OF SWAMI VIVEKANANDA (Record no. 5695)

MARC details
000 -LEADER
fixed length control field 00307nam a22001217a 4500
082 ## - DEWEY DECIMAL CLASSIFICATION NUMBER
Classification number 100
Item number SWA/C
100 ## - MAIN ENTRY--AUTHOR NAME
Personal name SWAMI VIVEKANANDA
245 ## - TITLE STATEMENT
Title THE COMPLETE WORKS OF SWAMI VIVEKANANDA
260 ## - PUBLICATION, DISTRIBUTION, ETC. (IMPRINT)
Place of publication KOLKATA
Name of publisher ADVAITA ASHRAMA
300 ## - PHYSICAL DESCRIPTION
Number of Pages 609
650 ## - SUBJECT ADDED ENTRY--TOPICAL TERM
Topical Term WORKS OF SWAMI VIVEKANANDA
Geographic subdivision KOLKATA
942 ## - ADDED ENTRY ELEMENTS (KOHA)
Koha item type Books
Holdings
Withdrawn status Lost status Collection code Home library Current library Shelving location Date acquired Source of acquisition Full call number Accession Number Koha item type
    Reference Main Library Main Library SHELF-17-J-BIOGRAPHIES & AUTOBIOGRAPHIES 24/10/2006 PURCHASE 100 SWA/C 04201 Books